• AIU
  • Tony Wilmot Memorial Library

Basic health lessons (Record no. 64529)

MARC details
000 -LEADER
fixed length control field 00219nam a2200109 4500
082 0# - DEWEY DECIMAL CLASSIFICATION NUMBER
Classification number 307.14
100 1# - MAIN ENTRY--PERSONAL NAME
Personal name Frasier, Jane
245 10 - TITLE STATEMENT
Title Basic health lessons
260 ## - PUBLICATION, DISTRIBUTION, ETC. (IMPRINT)
Place of publication, distribution, etc Kenya
Date of publication, distribution, etc 1993
300 ## - PHYSICAL DESCRIPTION
Extent P. 57
942 ## - ADDED ENTRY ELEMENTS (KOHA)
Source of classification or shelving scheme
Koha item type Books

No items available.